000 01809nam a2200373 c 4500
003 BLK
005 20180422105947.0
008 180409b bul|||||r ||||||| ||bul||
010 _aKNG00115709000
020 _a954-584-335-7
_bиздат.: Мария Арабаджиева
040 _aBLK
041 _aBUL
_cBUL
080 _aИстория на Мексико
_b972
_x
_z972
100 1 _aГуляев, Валерий Иванович
_eпърви автор
_9311804
700 1 _aАрабаджиева, Мария
_eпрев.
_9367954
139 _aГуляев, Валерий Иванович
_bГ 92
245 1 0 _aМаите
_bТайните на изчезналата цивилизация
_cВалерий Иванович Гуляев; прев. Мария Арабаджиева.
257 _aRUS
260 София
_bМария Арабаджиева
_c2004
_fСофия : Балканпрес
300 _a256 с.
_bс ил.
_c21 см
380 _a9
490 1 _aEncyclopaedia Universalis
490 1 _3Подсерия
_aКорпус Пътешествия и открития
500 _aБез сведение за ориг. загл. - Съдържа и Периоди на развитие, хронология на цивилизацията на маите ; Кратка история на маите ; Владетели, богове на маите ; Календар, писменост на маите / Мария Арабаджиева. - Офс. изд.
650 4 _aМаи - история и култура
_9261762
653 _aмаи
653 _aистория
653 _aцивилизации
852 _aЦб 221321
856 4 _qpdf
_u
856 4 _qpdf
_u
942 _cKNG
_n0
944 _aCR
_c20.10.2004
_kГеновева_Генчева
944 _aED
_c16.03.2007
_k
999 _c110384
_d110384